Conducting criminological practitioner research with sex workers in Switzerland
Research with sex workers presents a series of methodological and ethical challenges that need careful consideration. Sex workers are a heterogenous group that has been studied by criminologists mostly in countries where sex work is illegal. Here, we address the methodological and ethical considerat...
| 1. VerfasserIn: | |
|---|---|
| Medienart: | Druck Aufsatz |
| Sprache: | Englisch |
| Veröffentlicht: |
2023
|
| In: |
Fieldwork experiences in criminology and security studies
Jahr: 2023, Seiten: 157-172 |
| Verfügbarkeit prüfen: | HBZ Gateway |
| Schlagwörter: |
MARC
| LEADER | 00000naa a2200000 c 4500 | ||
|---|---|---|---|
| 001 | 1920020659 | ||
| 003 | DE-627 | ||
| 005 | 20250318145503.0 | ||
| 007 | tu | ||
| 008 | 250318s2023 xx ||||| 00| ||eng c | ||
| 020 | |a 9783031415739 | ||
| 035 | |a (DE-627)1920020659 | ||
| 035 | |a (DE-599)KXP1920020659 | ||
| 040 | |a DE-627 |b ger |c DE-627 |e rda | ||
| 041 | |a eng | ||
| 084 | |a 2,1 |2 ssgn | ||
| 100 | 1 | |a Molnar, Lorena |e VerfasserIn |0 (DE-588)1269115359 |0 (DE-627)1817780891 |4 aut | |
| 109 | |a Molnar, Lorena | ||
| 245 | 1 | 0 | |a Conducting criminological practitioner research with sex workers in Switzerland |c Lorena Molnar |
| 264 | 1 | |c 2023 | |
| 336 | |a Text |b txt |2 rdacontent | ||
| 337 | |a ohne Hilfsmittel zu benutzen |b n |2 rdamedia | ||
| 338 | |a Band |b nc |2 rdacarrier | ||
| 500 | |a Literaturverzeichnis: Seite 170-172 | ||
| 520 | |a Research with sex workers presents a series of methodological and ethical challenges that need careful consideration. Sex workers are a heterogenous group that has been studied by criminologists mostly in countries where sex work is illegal. Here, we address the methodological and ethical considerations of conducting research as an early career researcher and research practitioner in Switzerland, a country where sex work is legal. Based on three studies between 2017 and 2021 with roughly 140 sex workers, we discuss the need for pragmatism and adaptation to the study’s population. We argue that the researcher or research team needs to cover linguistic and ethnic requirements to access the participants and the figure of researcher–practitioner might allow both the deep understanding of the context and the higher acceptance of the research by the sex workers. Observations, interviews, and surveys are complementary, and they need adaptation. The safety of the researcher and the participants, flexibility, and emotional intelligence are vital topics to be discussed in protocols that address the research with sex workers. | ||
| 650 | 4 | |a sex work | |
| 650 | 4 | |a Gatekeepers | |
| 650 | 4 | |a Insider | |
| 650 | 4 | |a Compensation | |
| 651 | 4 | |a Switzerland | |
| 773 | 0 | 8 | |i Enthalten in |t Fieldwork experiences in criminology and security studies |d Cham : Springer, 2023 |g (2023), Seite 157-172 |h xxix, 640 Seiten |w (DE-627)1876942037 |z 9783031415739 |7 nnam |
| 773 | 1 | 8 | |g year:2023 |g pages:157-172 |
| 776 | 1 | |o 10.1007/978-3-031-41574-6_9 | |
| 951 | |a AR | ||
| ELC | |b 1 | ||
| LOK | |0 000 xxxxxcx a22 zn 4500 | ||
| LOK | |0 001 4687986269 | ||
| LOK | |0 003 DE-627 | ||
| LOK | |0 004 1920020659 | ||
| LOK | |0 005 20250318145503 | ||
| LOK | |0 008 250318||||||||||||||||ger||||||| | ||
| LOK | |0 040 |a DE-2619 |c DE-627 |d DE-2619 | ||
| LOK | |0 092 |o n | ||
| LOK | |0 852 |a DE-2619 | ||
| LOK | |0 852 1 |9 00 | ||
| LOK | |0 939 |a 18-03-25 |b l01 | ||
| ORI | |a SA-MARC-krimdoka001.raw | ||
